Tsunami disaster in Maruthamunai=மருதமுனையில் சுனாமி அனர்த்தம் (Record no. 4611)

MARC details
000 -LEADER
fixed length control field 00674nam a22002177a 4500
003 - CONTROL NUMBER IDENTIFIER
control field LK-CoMWRAF
005 - DATE AND TIME OF LATEST TRANSACTION
control field 20240315114729.0
008 - FIXED-LENGTH DATA ELEMENTS--GENERAL INFORMATION
fixed length control field 240109b2006 |||||||| |||| 00| 0 eng d
040 ## - CATALOGING SOURCE
Original cataloging agency LK-CoMWRAF
Modifying agency LK-CoMWRAF
Description conventions LK-CoMWRAF
041 ## - LANGUAGE CODE
Language code of text/sound track or separate title English
041 ## - LANGUAGE CODE
Language code of text/sound track or separate title Tamil
082 ## - DEWEY DECIMAL CLASSIFICATION NUMBER
Classification number 363.349
Item number TSU
942 ## - ADDED ENTRY ELEMENTS (KOHA)
Koha item type Books
700 ## - ADDED ENTRY--PERSONAL NAME
Personal name Rahman, Z.A.H.
Relator Term editor
700 ## - ADDED ENTRY--PERSONAL NAME
Personal name Ganeshan, P.
Relator Term translator
245 ## - TITLE STATEMENT
Title Tsunami disaster in Maruthamunai=மருதமுனையில் சுனாமி அனர்த்தம்
260 ## - PUBLICATION, DISTRIBUTION, ETC. (IMPRINT)
Place of publication, distribution, etc. Maruthamunai:
Name of publisher, distributor, etc. Esmo,
Date of publication, distribution, etc. 2005
300 ## - PHYSICAL DESCRIPTION
Extent 275 p., ill. maps
650 ## - SUBJECT ADDED ENTRY--TOPICAL TERM
Topical term or geographic name as entry element TSUNAMI DISASTER-Sri Lanka
650 ## - SUBJECT ADDED ENTRY--TOPICAL TERM
Topical term or geographic name as entry element Tsunami disaster-Muslims-Sri Lanka
Holdings
Withdrawn status Lost status Damaged status Not for loan Permanent Location Current Location Date acquired Full call number Barcode Koha item type
        Resource center, Muslim Women's Research And Action Forum Resource center, Muslim Women's Research And Action Forum 2024-01-09 363.349 TSU RAF4702 Books

Copyright © 2023 Muslim Women's Research and Action Forum (MWRAF), No 27/3, Anderson Road, Kalubowila, Dehiwela. Funded by The Asia Fundation